Hidden Countries of Europe Quiz Stats

 Plays Quiz Updated Feb 13, 2019

     
Support Sporcle.
Go Orange.
Score 0/47 Timer 07:00
2 Plays Today
% Correct
Russia
92.8%
France
90.1%
Germany
89.6%
Spain
89.6%
Italy
89.3%
United Kingdom
88.9%
Turkey
88.7%
Sweden
88.3%
Portugal
88.1%
Ireland
88%
Ukraine
87.7%
Norway
87.6%
Poland
87.5%
Finland
87.5%
Greece
86.1%
Denmark
85.2%
Belgium
84.6%
Netherlands
84.4%
Switzerland
84.4%
Iceland
83.6%
Vatican
82.5%
Belarus
82.4%
Andorra
81.8%
Austria
81.5%
% Correct
Romania
81.5%
Estonia
80.7%
Czechia
80.6%
Luxembourg
80.6%
Latvia
79.8%
Croatia
79%
San Marino
79%
Lithuania
78.8%
Slovakia
77.1%
Liechtenstein
76.7%
Moldova
75.6%
Hungary
75.1%
Bosnia
75.1%
Bulgaria
74.9%
Monaco
74.9%
Albania
73.6%
Cyprus
73.3%
North Macedonia
73.2%
Serbia
73.2%
Slovenia
72.6%
Kosovo
70.3%
Montenegro
69.1%
Malta
65%

From the Vault

Zelda Bosses

by JayHankEdLyon

Gaming 10m
Who put these guys in charge anyway?
Remove Ads.
Support Sporcle.
Get the best of Sporcle when you Go Orange. This ad-free experience offers more features, more stats, and more fun while also helping to support Sporcle. Thank you for becoming a member.

Show Comments

Extras

Top Quizzes Today


Score Distribution

Your Account Isn't Verified!

In order to create a playlist on Sporcle, you need to verify the email address you used during registration. Go to your Sporcle Settings to finish the process.

Report this User

Report this user for behavior that violates our Community Guidelines.

Details: